Регионална библиотека "Любен Каравелов" - Русе

Хазарт (Запис номер 176949)

MARC детайли
000 -Лидер
Контролно поле с фиксирана дължина 01458nam a2200361 c 4500
003 - Код на организацията, давaща контролен номер
Контролно поле BLK
005 - Дата и час на последна редакция
Контролно поле 20221125095728.0
008 - Елементи от данни с фиксирана дължина
fixed length control field 180411b bul|||||r ||||||| ||bul||
010 ## - Наследен системен номер
LC control number KNG00185583000
020 ## - Международен стандартен номер на книга ISBN
Международен стандартен номер на книга ISBN 978-954-769-334-0
-- издат.: Обсидиан
040 ## - Източник на каталожния запис
Идентификатор на билиотеката - собственик на записа BLK
041 ## - Код за език
Код за езика на текст/звукозапис или на отделно заглавие Български
Код за езика КДБФ Български
072 #7 - Код за тематичната категория
Код организация bullib
Код за тематична категория Н83
Текст Чужда художествена литература Н
080 ## - УДК
Текстов определител УДК Американска литература (на САЩ)
УДК код - определител по УДК 821.111(73)
УДК определител -312.4
УДК - код + определител 821.111(73)-312.4
100 1# - Редна дума - Автор
Автор Аткинс, Ейс
Авторска отговорност първи автор
R(LIN) 323641
139 ## - Редно поле
Редна дума Аткинс, Ейс
Авторски знак Ат - А 93
245 10 - Сведения за заглавието
Заглавие Хазарт
Подзаглавни данни Роман
Редно поле (дума) по Робърт Браун Паркър; Ейс Аткинс; прев. от англ. Веселин Иванов Лаптев.
257 ## - Страна на издаване
Страна на създаване/издаване Съединени американски щати
260 ## - Област на издателските данни
-- София
Име на издателя, разпространителя и проч. Обсидиан
Година на издаване 2013
Печатница Костинброд : Мултипринт
300 ## - Физическа характеристика
Страници 320 с.
Размери/Мащаб 20 см
380 ## - Жанр
Жанр Худож. лит.
500 ## - Общи забележки
Забележка Ориг. загл. Robert B. Parker's Wonderland / Ace Atkins.
653 ## - Ключова дума – ненормативна
Ключова дума крими
653 ## - Ключова дума – ненормативна
Ключова дума романи
659 ## - Тематичен бюлетин
Тематичен бюлетин Н
700 1# - Други автори (авторска отговорност)
Лично име Паркър, Робърт Браун
Автороска отговорност (Описва отношението между автора и произведението) по
9 (RLIN) 368180
700 1# - Други автори (авторска отговорност)
Лично име Лаптев, Веселин Иванов
Автороска отговорност (Описва отношението между автора и произведението) прев. от англ.
9 (RLIN) 364314
852 ## - Местоположение
Форматна сигнатура Цб 278660
856 4# - Електронен адрес и достъп
Електронен формат pdf - файл
Път до файла /url/
856 4# - Електронен адрес и достъп
Електронен формат pdf - файл
Път до файла /url/
942 ## - АРТИКУЛИ
Вид на библиотечния материал Книги
Скрит в OPAC Не
Koha issues (borrowed), all copies 54
944 ## - СЪЗДАВАНЕ И РЕДАКЦИЯ на ЗАПИСА
Създаване/Редакция Създаване
Дата на регистрацията/редакция 15.12.2015
Статус, дата на статуса ф /
Служител, извършил регистрацията/редакцията Виолета_Тройчева
944 ## - СЪЗДАВАНЕ И РЕДАКЦИЯ на ЗАПИСА
Създаване/Редакция Редакция
Дата на регистрацията/редакция 14.06.2016
Статус, дата на статуса ф /
Служител, извършил регистрацията/редакцията Виолета_Тройчева
999 ## - СИСТЕМНИ КОНТРОЛНИ НОМЕРА
Koha biblionumber 176949
Koha biblioitemnumber 176949
Наличности
Код за отписване Код за изгубен артикул Източник на класификационната схема Код за повреда Коз за рестрикции Код за отдаване Артикулен № Име на библиотеката - собственик Име на библиотеката, в която се намира в момента Статус (Текущо местоположение) Дата на вписване в системата Местоположение - отдел Цена в лева Инвентарен номер Систематично азбучна сигнатура Баркод Номер на екземпляра Цена в евро Служебна бележка Служебен тип на артикула
Изтеглен Не е изгубен Universal Decimal Classification Не е повреден без рестрикции заемане за дома 304324 Регионална библиотека "Любен Каравелов" Русе Регионална библиотека "Любен Каравелов" Русе Заемна - подръчен фонд 2015-12-21 Заемна - подръчен фонд 5.00 120000796125 П 820(73)-31/А 93 120000796125 1 2.56 Дост: Pk Вид: Ф N: 449 Дата: 14.12.2015 Книги
  Не е изгубен   Не е повреден без рестрикции заемане за дома 304325 Регионална библиотека "Любен Каравелов" Русе Регионална библиотека "Любен Каравелов" Русе Заемна - подръчен фонд 2016-06-04 Заемна - подръчен фонд 5.00 120000800733 П 820(73)-31/А 93 120000800733 2 2.56 Дост: Pk Вид: Ф N: 463 Дата: 03.06.2016 Дата инв: 15.02.2018 Бележки инв: П2018 Книги
  Не е изгубен   Не е повреден без рестрикции ползва се в читалня 304326 Регионална библиотека "Любен Каравелов" Русе Регионална библиотека "Любен Каравелов" Русе Хранилище 2015-08-24 Хранилище 15.00 120000791273 Цб 278660 120000791273 3 7.67 Дост: Dp Вид: Д N: 19 Дата: 22.04.2015 Книги
Vip Innovations Ltd, Rousse, Bulgaria 2025